[Event "4NCL/Div1/BAR2-WR"]
[Site "Rd05-Birmingham"]
[Date "2001.01.27"]
[Round "5.3"]
[White "Duncan, Chris"]
[Black "Dunnington, Angus"]
[Result "1-0"]
[WhiteElo "2310"]
[BlackElo "2388"]
[PlyCount "41"]
[EventDate "2001.01.27"]

1. c4 b6 2. Nc3 e6 3. Nf3 Bb7 4. g3 Bxf3 5. exf3 c5 6. d4 cxd4 7. Qxd4 Nc6 8.
Qd2 Qf6 9. Be2 Bb4 10. O-O Nge7 11. Ne4 Qe5 12. Qd1 Nf5 13. Rb1 Nfd4 14. Bf4
Qh5 15. Nd6+ Bxd6 16. Bxd6 f5 17. Kg2 f4 18. b4 e5 19. Re1 Kf7 20. c5 b5 21.
Bxe5 1-0

[Event "4NCL/Div1/BAR2-WR"]
[Site "Rd05-Birmingham"]
[Date "2001.01.27"]
[Round "5.4"]
[White "Dunworth, Chris"]
[Black "Plueg, Andreas"]
[Result "0-1"]
[WhiteElo "2287"]
[BlackElo "2313"]
[PlyCount "77"]
[EventDate "2001.01.27"]

1. d4 c5 2. d5 e5 3. e4 d6 4. g3 g6 5. h4 h5 6. Nc3 a6 7. a4 b6 8. Bh3 Bh6 9.
Bxc8 Qxc8 10. f3 Nd7 11. Nh3 Ra7 12. O-O Nf8 13. Kg2 Re7 14. Rf2 Nh7 15. Qf1
Bxc1 16. Qxc1 f6 17. Qe3 Rg7 18. Rb1 g5 19. Kh2 Nh6 20. b4 Rhg8 21. hxg5 Nxg5
22. Nxg5 Rxg5 23. Ne2 h4 24. g4 Qxg4 25. Rg1 Qh5 26. bxc5 Rxg1 27. Nxg1 Rg3 28.
Rg2 Rxg2+ 29. Kxg2 Qg6+ 30. Kh1 bxc5 31. Qf2 Qh5 32. Qg2 f5 33. Qg7 Nf7 34. Qf6
fxe4 35. fxe4 Qg4 36. Qe6+ Qxe6 37. dxe6 Ng5 38. Kg2 Ke7 39. Ne2 0-1

[Event "4NCL/Div1/BAR2-WR"]
[Site "Rd05-Birmingham"]
[Date "2001.01.27"]
[Round "5.6"]
[White "Barrett, Stephen"]
[Black "Lewis, Andrew P"]
[Result "0-1"]
[WhiteElo "2217"]
[BlackElo "2257"]
[PlyCount "47"]
[EventDate "2001.01.27"]

1. d4 Nf6 2. c4 d6 3. Nc3 Nbd7 4. Nf3 e5 5. Qc2 exd4 6. Nxd4 g6 7. Bg5 h6 8.
Nd5 Bg7 9. Nb5 O-O 10. Bxf6 Nxf6 11. Nbxc7 Bf5 12. Qd2 Rc8 13. Nxf6+ Bxf6 14.
Nd5 Rxc4 15. Rc1 Bg5 16. e3 Rxc1+ 17. Qxc1 Qa5+ 18. Nc3 Rc8 19. f4 Bf6 20. Be2
Bxc3+ 21. bxc3 Rxc3 22. Qd2 Qc5 23. O-O Rc2 24. Qd1 0-1

[Event "4NCL/Div1/BAR2-WR"]
[Site "Rd05-Birmingham"]
[Date "2001.01.27"]
[Round "5.7"]
[White "Hanley, Craig"]
[Black "Burnett, Jim"]
[Result "1/2-1/2"]
[WhiteElo "2276"]
[BlackElo "2213"]
[PlyCount "93"]
[EventDate "2001.01.27"]

1. c4 e6 2. Nc3 d5 3. cxd5 exd5 4. d4 c6 5. Qc2 Be7 6. Bf4 Bg4 7. e3 Bh5 8. Bd3
Bg6 9. Nge2 Bxd3 10. Qxd3 Nf6 11. O-O O-O 12. f3 Nh5 13. e4 Nxf4 14. Nxf4 Bd6
15. Nfe2 dxe4 16. fxe4 c5 17. Nd5 cxd4 18. Qxd4 Nc6 19. Qd2 Re8 20. Nec3 Be5
21. Rad1 f6 22. Qe2 Qc8 23. Rd3 Qe6 24. Rh3 g6 25. Qe1 Rf8 26. Qh4 Rf7 27. Nf4
Bxf4 28. Qxf4 f5 29. Rd3 Raf8 30. Qd6 Qxd6 31. Rxd6 fxe4 32. Rxf7 Rxf7 33. Nxe4
Kg7 34. Nc5 Ne5 35. Ne6+ Kh6 36. Rd4 g5 37. h3 Kg6 38. Rd5 Rf5 39. Rd4 Kf6 40.
Nc7 h6 41. Rd6+ Kg7 42. Ne6+ Kh7 43. Nd8 b6 44. Re6 Nd3 45. Re7+ Kg6 46. Rxa7
Nxb2 47. Rd7 1/2-1/2

[Event "4NCL/Div1/BAR2-WR"]
[Site "Rd05-Birmingham"]
[Date "2001.01.27"]
[Round "5.8"]
[White "White, Mark"]
[Black "Rutherford, Elaine"]
[Result "1-0"]
[WhiteElo "2142"]
[BlackElo "2117"]
[PlyCount "92"]
[EventDate "2001.01.27"]

1. d4 d5 2. Nc3 Nf6 3. Bg5 Nbd7 4. Nf3 g6 5. e3 Bg7 6. Bd3 O-O 7. O-O Re8 8.
Re1 c6 9. e4 dxe4 10. Nxe4 h6 11. Bh4 Nxe4 12. Bxe4 f5 13. Bd3 g5 14. Bc4+ e6
15. Rxe6 Rxe6 16. Bxe6+ Kf8 17. Qd3 gxh4 18. Qxf5+ Qf6 19. Qg4 Ne5 20. dxe5
Qxe6 21. Qxh4 Qe7 22. Qe4 Be6 23. c4 Qc5 24. b3 Rd8 25. Re1 Qa5 26. Qg6 Re8 27.
Re2 Qc3 28. Qe4 Bf7 29. Qf5 Qa5 30. Qd7 Re7 31. Qc8+ Be8 32. Qf5+ Kg8 33. Qg4
Qd8 34. Qe4 Re6 35. Re1 Bg6 36. Qg4 Qe7 37. Qd4 Bh5 38. Qxa7 Bxf3 39. gxf3 Bxe5
40. Kh1 Qd7 41. Rg1+ Kh7 42. Qc5 Re7 43. Rg4 h5 44. Rg2 Qd1+ 45. Rg1 Qxf3+ 46.
Rg2 Rg7 1-0

[Event "4NCL/Div1/IND1-PP"]
[Site "Rd05-Birmingham"]
[Date "2001.01.27"]
[Round "5.1"]
[White "Chandler, Murray"]
[Black "Shaw, John"]
[Result "1/2-1/2"]
[WhiteElo "2529"]
[BlackElo "2454"]
[PlyCount "46"]
[EventDate "2001.01.27"]

1. e4 c5 2. Nf3 Nc6 3. d4 cxd4 4. Nxd4 Nf6 5. Nc3 e5 6. Ndb5 d6 7. Bg5 a6 8.
Na3 b5 9. Bxf6 gxf6 10. Nd5 f5 11. Bd3 Be6 12. c3 Bg7 13. Qh5 O-O 14. exf5 Bxd5
15. f6 e4 16. fxg7 Re8 17. Be2 Re5 18. Qh6 b4 19. cxb4 Nd4 20. Qe3 Nf5 21. Qh3
Nd4 22. Qe3 Nf5 23. Qh3 Nd4 1/2-1/2

[Event "4NCL/Div1/IND1-PP"]
[Site "Rd05-Birmingham"]
[Date "2001.01.27"]
[Round "5.2"]
[White "Mannion, Stephen"]
[Black "McShane, Luke"]
[Result "1/2-1/2"]
[WhiteElo "2369"]
[BlackElo "2460"]
[PlyCount "124"]
[EventDate "2001.01.27"]

1. e4 c5 2. Nf3 Nc6 3. d4 cxd4 4. Nxd4 Nf6 5. Nc3 e5 6. Ndb5 d6 7. Bg5 a6 8.
Na3 b5 9. Bxf6 gxf6 10. Nd5 f5 11. Bd3 Be6 12. O-O Bxd5 13. exd5 Ne7 14. c3 Bg7
15. Qh5 e4 16. Bc2 Qc8 17. Rad1 O-O 18. Bb1 Qc5 19. Kh1 Rae8 20. Nc2 Nxd5 21.
Qxf5 Re5 22. Qd7 Re7 23. Qf5 Re5 24. Qd7 Re7 25. Qf5 Nb6 26. Ne3 Re5 27. Qf4 f5
28. g4 fxg4 29. Qxg4 h5 30. Qh4 d5 31. Rg1 Qe7 32. Qxe7 Rxe7 33. Rg6 Rf6 34.
Rxf6 Bxf6 35. Bc2 Kf8 36. Bb3 b4 37. Nxd5 Nxd5 38. Rxd5 bxc3 39. bxc3 Bxc3 40.
Rxh5 e3 41. fxe3 Rxe3 42. Kg2 a5 43. Rh4 Rd3 44. Rf4+ Kg7 45. h4 Rd4 46. Rf3 a4
47. Be6 Be1 48. h5 Re4 49. Bf5 Re5 50. Bg6 Bd2 51. Ra3 Ra5 52. Kf3 Kf6 53. Rd3
Bc1 54. Rc3 Bb2 55. Rc4 a3 56. Kf4 Rd5 57. Rc6+ Ke7 58. Bf5 Rd6 59. Rxd6 Kxd6
60. Kg5 Ke7 61. Kg6 Kf8 62. Be6 Ba1 1/2-1/2

[Event "4NCL/Div1/IND1-PP"]
[Site "Rd05-Birmingham"]
[Date "2001.01.27"]
[Round "5.3"]
[White "Flear, Glenn"]
[Black "Harley, Andrew"]
[Result "1-0"]
[WhiteElo "2476"]
[BlackElo "2296"]
[PlyCount "65"]
[EventDate "2001.01.27"]

1. d4 e6 2. c4 Nf6 3. Nf3 b6 4. e3 Bb7 5. Bd3 d5 6. O-O Nbd7 7. b3 Bd6 8. Nc3
a6 9. Bb2 O-O 10. Rc1 Qe7 11. Na4 Ne4 12. Ne5 dxc4 13. Nxc4 Bxh2+ 14. Kxh2 Qh4+
15. Kg1 Ng5 16. Nd2 f5 17. d5 Bxd5 18. Be2 Nf6 19. Be5 b5 20. Nb2 Rf7 21. Bg3
Qh6 22. Nd3 Nfe4 23. Nxe4 Nxe4 24. Be5 Ng5 25. Nf4 c6 26. Nxd5 exd5 27. Bf4 Qf6
28. Bxg5 Qxg5 29. Rxc6 f4 30. exf4 Rxf4 31. Qc1 Qe5 32. Bf3 d4 33. Rc5 1-0

[Event "4NCL/Div1/IND1-PP"]
[Site "Rd05-Birmingham"]
[Date "2001.01.27"]
[Round "5.4"]
[White "Hadzimanolis, Antonios"]
[Black "Hebden, Mark"]
[Result "0-1"]
[WhiteElo "2291"]
[BlackElo "2552"]
[PlyCount "82"]
[EventDate "2001.01.27"]

1. e4 e5 2. Nf3 Nc6 3. Bb5 a6 4. Ba4 Nf6 5. O-O Be7 6. Re1 b5 7. Bb3 O-O 8. a4
Bb7 9. d3 d6 10. Nc3 Na5 11. Ba2 b4 12. Ne2 Rb8 13. Ng3 c5 14. Nd2 Ne8 15. Nc4
Nxc4 16. Bxc4 Nc7 17. f4 exf4 18. Bxf4 Ne6 19. Be3 Bf6 20. Qc1 a5 21. c3 d5 22.
exd5 Bxd5 23. Bb5 bxc3 24. bxc3 Qc7 25. Qd2 Rbd8 26. Nf1 Rd6 27. Rec1 Be4 28.
Qe2 Bg6 29. Ra2 Rfd8 30. Rd2 Be5 31. g3 Bf6 32. Bf2 Qb7 33. h4 h5 34. Be3 Nc7
35. Bc4 Qc6 36. Qf2 Bxd3 37. Bxd3 Rxd3 38. Rxd3 Rxd3 39. Bxc5 Ne6 40. Bb6 Rxc3
41. Rxc3 Bxc3 0-1

[Event "4NCL/Div1/IND1-PP"]
[Site "Rd05-Birmingham"]
[Date "2001.01.27"]
[Round "5.5"]
[White "Mestel, Jonathan"]
[Black "Devereaux, Maxim"]
[Result "1-0"]
[WhiteElo "2488"]
[BlackElo "2274"]
[PlyCount "81"]
[EventDate "2001.01.27"]

1. c4 Nf6 2. Nc3 d5 3. cxd5 Nxd5 4. Nf3 g6 5. g3 Bg7 6. Bg2 Nxc3 7. bxc3 O-O 8.
O-O c5 9. Rb1 Nc6 10. d3 Qa5 11. a4 a6 12. Nd2 Bxc3 13. Nc4 Qd8 14. Bh6 Bg7 15.
Bxg7 Kxg7 16. Qd2 Qd4 17. Rfc1 Rd8 18. Nb6 Rb8 19. Rc4 Qd6 20. Qc3+ Qf6 21.
Qxf6+ Kxf6 22. Rxc5 Nd4 23. e3 Ne6 24. Rc3 Kg7 25. d4 Bd7 26. d5 Nf8 27. Rc7 e6
28. Bh3 Kf6 29. f4 Be8 30. e4 exd5 31. exd5 g5 32. Rf1 gxf4 33. Rxf4+ Kg7 34.
a5 Rd6 35. Re4 Ng6 36. Nc8 Rxc8 37. Bxc8 Bb5 38. Bxb7 Rf6 39. Re1 h5 40. Rc6
Rf5 41. Bxa6 1-0

[Event "4NCL/Div1/IND1-PP"]
[Site "Rd05-Birmingham"]
[Date "2001.01.27"]
[Round "5.6"]
[White "Swanson, Stephen"]
[Black "Hennigan, Michael"]
[Result "0-1"]
[WhiteElo "2273"]
[BlackElo "2455"]
[PlyCount "98"]
[EventDate "2001.01.27"]

1. e4 c5 2. Nf3 Nc6 3. Bb5 e6 4. Bxc6 bxc6 5. O-O Ne7 6. d3 Ng6 7. Ng5 Be7 8.
Qh5 e5 9. Nc3 d6 10. Ne2 Bf6 11. Bd2 Qe7 12. Nxh7 Bd7 13. Ba5 Qe6 14. Ng3 Nf4
15. Nxf6+ Ke7 16. Qf5 Qxf5 17. exf5 gxf6 18. Bd2 Rh4 19. Rae1 Rg8 20. Bxf4 Rxf4
21. Ne2 Rxf5 22. f4 Be6 23. g3 c4 24. d4 Rh5 25. dxe5 fxe5 26. fxe5 dxe5 27.
Nc3 Bd5 28. Re3 Ke6 29. Nxd5 cxd5 30. Ra3 f5 31. Ra6+ Kd7 32. Rxa7+ Kc6 33. Ra3
d4 34. Kg2 e4 35. Ra6+ Kb7 36. Rd6 d3 37. Rd4 Rgh8 38. h4 Rc8 39. Kf2 Kb6 40.
Ke3 Rg8 41. Rxc4 Rxg3+ 42. Kf4 Rg4+ 43. Ke3 Rhxh4 44. cxd3 Rh3+ 45. Kd4 exd3+
46. Kd5 d2 47. Rd4 Rh8 48. Rxg4 fxg4 49. Ke4 g3 0-1

[Event "4NCL/Div1/IND1-PP"]
[Site "Rd05-Birmingham"]
[Date "2001.01.27"]
[Round "5.7"]
[White "Cooper, Lawrence"]
[Black "Smith, Andrew P"]
[Result "1-0"]
[WhiteElo "2361"]
[BlackElo "2252"]
[PlyCount "61"]
[EventDate "2001.01.27"]

1. e4 c5 2. Nf3 e6 3. d4 cxd4 4. Nxd4 Nf6 5. Nc3 d6 6. Be2 a6 7. O-O Nbd7 8. f4
b5 9. Bf3 Bb7 10. e5 Bxf3 11. Nxf3 dxe5 12. fxe5 b4 13. exf6 bxc3 14. fxg7 Bxg7
15. bxc3 Qb6+ 16. Nd4 e5 17. Qg4 Bf6 18. Kh1 O-O-O 19. Nf5 Qc6 20. Ba3 Kb8 21.
Rae1 Qxc3 22. Qe4 Ka7 23. Nd6 Rb8 24. Bc1 Rb4 25. Be3+ Kb8 26. Rb1 a5 27. a3
Qxa3 28. c3 Kc7 29. cxb4 Kxd6 30. Rbd1+ Ke7 31. Qf5 1-0

[Event "4NCL/Div1/IND1-PP"]
[Site "Rd05-Birmingham"]
[Date "2001.01.27"]
[Round "5.8"]
[White "Turvey, Syringa"]
[Black "Flear, Christine"]
[Result "0-1"]
[WhiteElo "1520"]
[BlackElo "2184"]
[PlyCount "74"]
[EventDate "2001.01.27"]

1. Nf3 d5 2. g3 Bg4 3. Bg2 Nd7 4. h3 Bh5 5. g4 Bg6 6. Nc3 c6 7. Nh4 e6 8. Nxg6
hxg6 9. e3 g5 10. b3 Ne5 11. d4 Ng6 12. Bb2 Nh4 13. Bf1 Qf6 14. Qe2 Nf3+ 15.
Kd1 a6 16. Bg2 Nh4 17. f3 Bd6 18. Kd2 Ne7 19. Raf1 Neg6 20. Kc1 Qe7 21. Na4 O-O
22. Nb6 Rad8 23. c4 Bc7 24. c5 e5 25. Qf2 exd4 26. Bxd4 Bxb6 27. cxb6 c5 28.
Bb2 Nxg2 29. Qxg2 Qxe3+ 30. Qd2 Rfe8 31. Rh2 d4 32. Kd1 Nf4 33. Ba3 c4 34. Kc2
d3+ 35. Kc1 Ne2+ 36. Kd1 Qe5 37. Bb2 c3 0-1

[Event "4NCL/Div1/IND2-SL"]
[Site "Rd05-Birmingham"]
[Date "2001.01.27"]
[Round "5.1"]
[White "Richardson, John"]
[Black "Miles, Anthony"]
[Result "1/2-1/2"]
[WhiteElo "2338"]
[BlackElo "2564"]
[PlyCount "44"]
[EventDate "2001.01.27"]

1. d4 d5 2. Nf3 Nf6 3. c4 dxc4 4. Nc3 c6 5. a4 Bf5 6. e3 e6 7. Bxc4 Bb4 8. O-O
O-O 9. Qe2 Nbd7 10. e4 Bg6 11. Bd3 Bh5 12. e5 Nd5 13. Ne4 Be7 14. Ng3 Bg6 15.
Bxg6 fxg6 16. Ne4 h6 17. Ne1 Rf7 18. Nd3 g5 19. a5 Nf8 20. Ndc5 Nf4 21. Bxf4
Rxf4 22. Rfd1 Rb8 1/2-1/2

[Event "4NCL/Div1/IND2-SL"]
[Site "Rd05-Birmingham"]
[Date "2001.01.27"]
[Round "5.2"]
[White "Summerscale, Aaron"]
[Black "Black, Richard"]
[Result "1-0"]
[WhiteElo "2513"]
[BlackElo "2264"]
[PlyCount "77"]
[EventDate "2001.01.27"]

1. d4 g6 2. c4 Bg7 3. Nf3 Nf6 4. Nc3 O-O 5. e4 d6 6. Be2 e5 7. O-O Nc6 8. d5
Ne7 9. Ne1 Nd7 10. Be3 f5 11. f3 f4 12. Bf2 g5 13. a4 Rf6 14. Nb5 a6 15. Na7
Rxa7 16. Bxa7 Rh6 17. Nd3 Nf6 18. Nf2 Bd7 19. c5 Nc8 20. Qb3 Nxa7 21. Qxb7 Nc8
22. c6 Be8 23. Bxa6 Ne7 24. a5 g4 25. fxg4 f3 26. g3 Rg6 27. Bd3 Nxg4 28. Nxg4
Rxg4 29. a6 Nf5 30. Rxf3 Nxg3 31. hxg3 Qg5 32. Kf2 Qd2+ 33. Kf1 Qh2 34. Qc8
Qh1+ 35. Ke2 Qh2+ 36. Ke1 Qh1+ 37. Kd2 Qxf3 38. Qxe8+ Bf8 39. Rf1 1-0

[Event "4NCL/Div1/IND2-SL"]
[Site "Rd05-Birmingham"]
[Date "2001.01.27"]
[Round "5.3"]
[White "Hassabis, Demis"]
[Black "Kosten, Anthony"]
[Result "1/2-1/2"]
[WhiteElo "2237"]
[BlackElo "2519"]
[PlyCount "155"]
[EventDate "2001.01.27"]

1. c4 e5 2. Nc3 Nf6 3. g3 Bb4 4. Nd5 Nxd5 5. cxd5 O-O 6. Bg2 c6 7. e3 cxd5 8.
a3 Ba5 9. Bxd5 Nc6 10. b4 Bc7 11. Ne2 Ne7 12. Bg2 d5 13. d3 Bg4 14. h3 Be6 15.
O-O Qd7 16. Kh2 a5 17. Bd2 Rfc8 18. Nc3 b5 19. a4 bxa4 20. Qxa4 Nc6 21. b5 Nb4
22. b6 Bxb6 23. Qxd7 Bxd7 24. Nxd5 Nxd5 25. Bxd5 Bc6 26. Bxc6 Rxc6 27. Ra2 h6
28. Rfa1 Rc5 29. Kg2 Rb5 30. Kf3 Kf8 31. Ra4 Ke7 32. R1a2 Ke6 33. h4 h5 34. Ke2
Kd5 35. Bc3 g6 36. Re4 Bc7 37. Rea4 Kc6 38. d4 Kb6 39. dxe5 Bxe5 40. Bd4+ Bxd4
41. exd4 Rb3 42. d5 Re8+ 43. Kf1 Rb5 44. Rf4 f5 45. Rd4 Kc5 46. Rad2 Kd6 47.
Rc4 Rxd5 48. Rdc2 Re6 49. Rc8 Ke7 50. Ra8 Ree5 51. Ra2 f4 52. Kg2 fxg3 53. fxg3
g5 54. hxg5 Rxg5 55. Kh2 Kd7 56. Ra7+ Kc6 57. Ra6+ Kb7 58. Rh6 Rb5 59. Rf2 Rb6
60. Rh7+ Ka6 61. Ra2 Rb4 62. Rh8 a4 63. Ra8+ Kb5 64. Rc2 Rb3 65. Ra2 Rb4 66.
Rc2 Rg6 67. Rb8+ Rb6 68. Ra8 h4 69. gxh4 Rxh4+ 70. Kg3 Rb4 71. Kf2 Rb3 72. Ra2
Rf6+ 73. Kg2 Rb4 74. Rc2 Rg4+ 75. Kh3 Rfg6 76. Rb2+ Kc6 77. Ra6+ Kc7 78. Ra7+
1/2-1/2

[Event "4NCL/Div1/IND2-SL"]
[Site "Rd05-Birmingham"]
[Date "2001.01.27"]
[Round "5.4"]
[White "Houska, Jovanka"]
[Black "Lyell, Mark"]
[Result "1-0"]
[WhiteElo "2358"]
[BlackElo "2224"]
[PlyCount "51"]
[EventDate "2001.01.27"]

1. e4 e5 2. Nc3 Bc5 3. g3 f5 4. exf5 Nf6 5. Bg2 d5 6. Nge2 Nc6 7. Na4 Be7 8. d4
Bxf5 9. dxe5 Nxe5 10. Bf4 Nf7 11. c4 c6 12. Nd4 Bg4 13. Qb3 g5 14. Be3 O-O 15.
h3 c5 16. Nxc5 Bxc5 17. hxg4 Bxd4 18. Bxd4 dxc4 19. Qc3 Qe7+ 20. Kf1 Nd6 21.
Re1 Qf7 22. Rh6 Nde8 23. Rxe8 Nxe8 24. Qa5 Rc8 25. Qxg5+ Ng7 26. Bd5 1-0

[Event "4NCL/Div1/IND2-SL"]
[Site "Rd05-Birmingham"]
[Date "2001.01.27"]
[Round "5.5"]
[White "Wade, Robert"]
[Black "McNab, Colin"]
[Result "0-1"]
[WhiteElo "2213"]
[BlackElo "2403"]
[PlyCount "56"]
[EventDate "2001.01.27"]

1. d4 d6 2. e4 g6 3. f4 Bg7 4. Nf3 c5 5. Bb5+ Nc6 6. c3 Qb6 7. Na3 a6 8. Ba4
cxd4 9. Nxd4 Bd7 10. Nxc6 bxc6 11. Nc4 Qc7 12. Be3 Nf6 13. Bd4 O-O 14. Nb6 Rab8
15. Nxd7 Nxd7 16. O-O Bxd4+ 17. cxd4 Rb4 18. Qc2 Qb6 19. Rad1 Rxd4 20. Rxd4
Qxd4+ 21. Kh1 Nf6 22. Bxc6 Rc8 23. e5 Ng4 24. exd6 Rxc6 25. Qe2 Ne3 26. dxe7
Re6 27. f5 Rxe7 28. f6 Re6 0-1

[Event "4NCL/Div1/IND2-SL"]
[Site "Rd05-Birmingham"]
[Date "2001.01.27"]
[Round "5.6"]
[White "Buckley, Graeme"]
[Black "Alfred, Nathan"]
[Result "0-1"]
[WhiteElo "2369"]
[BlackElo "2208"]
[PlyCount "106"]
[EventDate "2001.01.27"]

1. d4 Nf6 2. Nf3 g6 3. Bg5 Bg7 4. Nbd2 O-O 5. c3 d5 6. e3 Nbd7 7. h3 c5 8. Bd3
b6 9. O-O Bb7 10. Qc2 Re8 11. Bf4 Rc8 12. Bh2 a6 13. a3 Nb8 14. Ne5 Nc6 15.
Rad1 Nd7 16. Ndf3 Ndxe5 17. dxe5 e6 18. c4 Qe7 19. Rd2 dxc4 20. Bxc4 Red8 21.
Rd6 Qc7 22. Rfd1 Bf8 23. R6d2 Rxd2 24. Rxd2 Rd8 25. Qd1 Rxd2 26. Qxd2 b5 27.
Be2 Na5 28. Bf4 Bd5 29. a4 c4 30. axb5 axb5 31. Nd4 b4 32. Nb5 Qc6 33. Nd6 c3
34. bxc3 bxc3 35. Qc2 Bxg2 36. e4 Bxd6 37. exd6 Bxe4 38. d7 Nb7 39. Qd1 Bd5 40.
Qd4 Qxd7 41. Bh6 f5 42. Qxc3 Qe7 43. Qe5 Nd6 44. Bd1 Ne8 45. Bf4 Qb4 46. Bc2
Qa3 47. Qb8 Kf7 48. Qb5 Qxh3 49. f3 Bxf3 50. Kf2 Qg2+ 51. Ke3 Bc6 52. Qc4 Nf6
53. Kd4 Qd5+ 0-1

[Event "4NCL/Div1/IND2-SL"]
[Site "Rd05-Birmingham"]
[Date "2001.01.27"]
[Round "5.7"]
[White "Cafferty, Bernard"]
[Black "Lalic, Susan"]
[Result "0-1"]
[WhiteElo "2196"]
[BlackElo "2318"]
[PlyCount "78"]
[EventDate "2001.01.27"]

1. e4 e6 2. d4 d5 3. Nd2 c5 4. Ngf3 Nf6 5. exd5 exd5 6. Bb5+ Bd7 7. Bxd7+ Nbxd7
8. O-O Be7 9. dxc5 Nxc5 10. Nd4 Qd7 11. N2f3 O-O 12. c3 Bd6 13. Nh4 g6 14. Bg5
Nce4 15. Bxf6 Nxf6 16. Qf3 Ne4 17. Rad1 Rfe8 18. Qd3 Qg4 19. Nhf3 Rad8 20. Ne2
Ng5 21. Nfd4 Qh4 22. f4 Ne6 23. Rf3 Nxd4 24. Nxd4 Re4 25. g3 Qg4 26. Rdf1 Bc5
27. Kg2 Bxd4 28. cxd4 Rde8 29. Qb5 Qf5 30. Qxb7 Re2+ 31. R1f2 Rxf2+ 32. Rxf2
Qe4+ 33. Kh3 Qxd4 34. Qd7 Re1 35. Rc2 Kg7 36. Rc8 Qd1 37. Qg4 Qd3 38. f5 Qf1+
39. Kh4 Re4 0-1

[Event "4NCL/Div1/IND2-SL"]
[Site "Rd05-Birmingham"]
[Date "2001.01.27"]
[Round "5.8"]
[White "Tarifa, Alket"]
[Black "Bellin, Jana"]
[Result "0-1"]
[WhiteElo "2200"]
[BlackElo "2187"]
[PlyCount "84"]
[EventDate "2001.01.27"]

1. e4 c5 2. c3 e6 3. d4 d5 4. exd5 exd5 5. Bb5+ Nc6 6. Ne2 Bd6 7. O-O Nge7 8.
dxc5 Bxc5 9. b4 Bb6 10. Nd4 O-O 11. Be3 Bd7 12. Be2 Re8 13. Bf3 Ne5 14. Be2
N7c6 15. Na3 Rc8 16. Nab5 Nxd4 17. cxd4 Bxb5 18. Bxb5 Nc6 19. Rc1 Re6 20. Bd3
g6 21. Qg4 h5 22. Qg3 Bc7 23. f4 Qe7 24. Rce1 Re8 25. Bf2 Qf6 26. Be3 Nxb4 27.
Bb5 R8e7 28. Qf2 Qf5 29. Qd2 Ba5 30. Re2 a6 31. Ba4 Qd3 32. Qxd3 Nxd3 33. Rf3
Bb6 34. Kf1 Nxf4 35. Rxf4 Rxe3 36. Rxe3 Rxe3 37. Kf2 Re7 38. Bb3 Rd7 39. Ke3
Bc7 40. Rh4 Kg7 41. Kf3 Kh6 42. g4 Kg5 0-1

[Event "4NCL/Div1/RIC-GUI"]
[Site "Rd05-Birmingham"]
[Date "2001.01.27"]
[Round "5.1"]
[White "Bates, Richard"]
[Black "Conquest, Stuart"]
[Result "0-1"]
[WhiteElo "2371"]
[BlackElo "2546"]
[PlyCount "40"]
[EventDate "2001.01.27"]

1. d4 f5 2. Nf3 Nf6 3. g3 g6 4. Bg2 Bg7 5. O-O O-O 6. b4 d6 7. Bb2 h6 8. c4 Qe8
9. Nc3 Qf7 10. Qb3 c6 11. Rad1 Nbd7 12. b5 Nb6 13. bxc6 bxc6 14. d5 c5 15. Nb5
Bd7 16. Ba1 Rab8 17. Rb1 Ne4 18. Bxg7 Qxg7 19. Nxa7 Nc3 20. Rb2 Ba4 0-1

[Event "4NCL/Div1/RIC-GUI"]
[Site "Rd05-Birmingham"]
[Date "2001.01.27"]
[Round "5.2"]
[White "Plaskett, James"]
[Black "Wall, Gavin"]
[Result "0-1"]
[WhiteElo "2479"]
[BlackElo "2348"]
[PlyCount "84"]
[EventDate "2001.01.27"]

1. e4 e5 2. Nf3 d6 3. d4 exd4 4. Qxd4 a6 5. Bg5 Nc6 6. Bxd8 Nxd4 7. Nxd4 Kxd8
8. Bc4 Ke8 9. Nc3 Ne7 10. O-O-O g6 11. Rhe1 Bh6+ 12. Kb1 Kf8 13. e5 dxe5 14.
Rxe5 Bd7 15. Ne4 Bg7 16. Rc5 Nc6 17. Nxc6 Bxc6 18. Rxc6 bxc6 19. Rd7 Be5 20. f4
Bd6 21. g3 Be7 22. Rxc7 Re8 23. a4 Kg7 24. a5 Rhf8 25. Rxc6 Bb4 26. Ng5 Bxa5
27. Rxa6 Bd8 28. b4 h6 29. Nf3 Bf6 30. Ka2 Re4 31. Bb3 Rxb4 32. Ra7 Rbb8 33. h4
Ra8 34. Ra4 Rxa4+ 35. Bxa4 Rc8 36. Nd2 Rc3 37. Nf1 h5 38. Bb3 Bd4 39. Kb1 Bf2
40. Kc1 Bxg3 41. Kd2 Rf3 42. Ke2 Rf2+ 0-1

[Event "4NCL/Div1/RIC-GUI"]
[Site "Rd05-Birmingham"]
[Date "2001.01.27"]
[Round "5.3"]
[White "Hinks-Edwards, Thomas"]
[Black "King, Daniel"]
[Result "1/2-1/2"]
[WhiteElo "2294"]
[BlackElo "2543"]
[PlyCount "85"]
[EventDate "2001.01.27"]

1. e4 c5 2. Nc3 Nc6 3. Bb5 Nd4 4. Nf3 e6 5. O-O Ne7 6. Nxd4 cxd4 7. Ne2 a6 8.
Ba4 b5 9. Bb3 Nc6 10. d3 Bc5 11. f4 Na5 12. f5 Nxb3 13. axb3 e5 14. f6 gxf6 15.
Ng3 d5 16. Qf3 Bb7 17. Nh5 Be7 18. Qg4 Qd7 19. Ng7+ Kd8 20. Nf5 dxe4 21. dxe4
Kc7 22. c3 dxc3 23. bxc3 Bc5+ 24. Be3 Bxe3+ 25. Nxe3 Qxg4 26. Nxg4 Bxe4 27.
Rxf6 Bd5 28. c4 bxc4 29. bxc4 Be6 30. Nxe5 Rhf8 31. Nf3 a5 32. Ng5 Rfe8 33.
Nxh7 Rg8 34. h4 Rg4 35. Ng5 Rxh4 36. Nxf7 Bxc4 37. Ne5 Bb3 38. Rc1+ Kb7 39. Nd3
Bc4 40. Nc5+ Kc7 41. Re1 Rh7 42. Rc1 Rh4 43. Re1 1/2-1/2

[Event "4NCL/Div1/RIC-GUI"]
[Site "Rd05-Birmingham"]
[Date "2001.01.27"]
[Round "5.4"]
[White "Gormally, Daniel"]
[Black "Webb, Laurence"]
[Result "1-0"]
[WhiteElo "2492"]
[BlackElo "2233"]
[PlyCount "81"]
[EventDate "2001.01.27"]

1. d4 Nf6 2. c4 e6 3. Nc3 Bb4 4. Qc2 c5 5. dxc5 Bxc3+ 6. Qxc3 Ne4 7. Qa3 Na6 8.
Nf3 Naxc5 9. b4 Na6 10. e3 Qe7 11. Bd3 f5 12. Rb1 O-O 13. O-O b6 14. Nd4 Bb7
15. f3 Nf6 16. Bd2 Nc7 17. Rfc1 g6 18. c5 e5 19. c6 dxc6 20. Nxc6 Bxc6 21. Rxc6
Ncd5 22. Qb3 Kh8 23. e4 fxe4 24. fxe4 Nf4 25. Bxf4 exf4 26. Qc3 Rad8 27. Rf1 g5
28. h4 Qg7 29. hxg5 Ng4 30. Qxg7+ Kxg7 31. Rc7+ Kg6 32. Be2 Ne5 33. Rxa7 Rd2
34. Rf2 Rc8 35. Bh5+ Kxh5 36. Rxd2 Ng4 37. Rxh7+ Kg6 38. Rhd7 Ne3 39. Kf2 Kxg5
40. Kf3 Rc1 41. g3 1-0

[Event "4NCL/Div1/RIC-GUI"]
[Site "Rd05-Birmingham"]
[Date "2001.01.27"]
[Round "5.5"]
[White "Franklin, Michael"]
[Black "Baker, Chris W"]
[Result "0-1"]
[WhiteElo "2253"]
[BlackElo "2372"]
[PlyCount "68"]
[EventDate "2001.01.27"]

1. d4 g6 2. c3 Bg7 3. g3 c5 4. dxc5 Na6 5. Bg2 Nxc5 6. Nd2 Nf6 7. Nb3 Ne6 8. e4
d6 9. Ne2 O-O 10. O-O Qc7 11. h3 Bd7 12. Be3 Bc6 13. Qc2 d5 14. Nd2 Rfd8 15.
Nf4 Nxf4 16. Bxf4 e5 17. Bg5 h6 18. Bxf6 Bxf6 19. f4 exf4 20. gxf4 d4 21. Nb3
dxc3 22. bxc3 Bb5 23. Rf3 Rac8 24. e5 Bh4 25. Rd1 Qb6+ 26. Kh1 Rxd1+ 27. Qxd1
Bc6 28. Nd4 Bxf3 29. Qxf3 Qb1+ 30. Kh2 Qe1 31. Ne2 Qf2 32. Qxb7 Rxc3 33. e6
Bg3+ 34. Kh1 Rc1+ 0-1

[Event "4NCL/Div1/RIC-GUI"]
[Site "Rd05-Birmingham"]
[Date "2001.01.27"]
[Round "5.6"]
[White "Webb, Richard"]
[Black "Thiruchelvam, Murugan"]
[Result "1-0"]
[WhiteElo "2353"]
[BlackElo "2168"]
[PlyCount "123"]
[EventDate "2001.01.27"]

1. Nf3 Nf6 2. g3 d5 3. Bg2 c6 4. O-O Bf5 5. d3 e6 6. Nbd2 Be7 7. Qe1 Na6 8. e4
dxe4 9. dxe4 Bg6 10. a3 Nc5 11. Ne5 Qd4 12. Nxg6 hxg6 13. Nb3 Nxb3 14. cxb3 Qc5
15. Qe2 Qh5 16. Qxh5 Rxh5 17. b4 a5 18. bxa5 Rhxa5 19. Bd2 Ra4 20. Rfe1 Bc5 21.
Rac1 Bd4 22. Rc2 Ng4 23. Bb4 Rd8 24. Bf3 Ne5 25. Be2 Raa8 26. Rd1 Rac8 27. Kf1
c5 28. Bb5+ Ke7 29. Rxd4 Rxd4 30. Rxc5 Rxb4 31. axb4 Rxc5 32. bxc5 Nf3 33. Kg2
Ne1+ 34. Kf1 Nf3 35. Kg2 Ne1+ 36. Kh3 f5 37. exf5 gxf5 38. g4 Kf6 39. gxf5 exf5
40. Kg3 Ke5 41. h4 Kd5 42. Kf4 Kxc5 43. Bf1 g6 44. Kg5 Nf3+ 45. Kxg6 Nxh4+ 46.
Kg5 Nf3+ 47. Kxf5 b5 48. Kf4 Nd2 49. Bd3 b4 50. Ke3 Nb3 51. f4 Nd4 52. Ke4 b3
53. Bb1 Nc6 54. f5 Kd6 55. Bd3 Ne5 56. Kd4 Nc6+ 57. Kc4 Ne5+ 58. Kd4 Nc6+ 59.
Kc3 Ne5 60. Bb1 Nf3 61. Kxb3 Nd2+ 62. Kc2 1-0